000 00750nam a2200229 4500
003 OSt
005 20240622024839.0
006 a
008 240622b |||||||| |||| 00| 0 eng d
020 _a97816005479071
040 _aDWCL-HMN lib.
_cOC
082 _2Second edition
_aCirc. 610.76 U58 2011
245 _aUSMLE Step 2 Recall /
250 _aSecond edition
260 _aPhiladelphia :
_bWolters Kluwer Health, Lippincott Williiams & Wilkins,
_cc2011.
300 _axv,
_b367 p. : ill.
_c21 cm.
504 _aIncludes index.
650 _a1. Clinical Medicine- Case Studies.
650 _a2. PhysiciansLicenses-United States-Examinations-Study Guides.
700 _aMichael W. Ryan
942 _2ddc
_n0
_cBK-CIRC
_eSecond edition
_kCirc.
999 _c1134
_d1134